[Event "World Chess Olympiad 2018"]
[Site "Batumi"]
[Date "2018.09.27"]
[Round "4"]
[Board "4"]
[WhiteFideId "912123"]
[White "Nenezic Marko"]
[BlackFideId "2226332"]
[Black "Ibarra Jerez Jose Carlos"]
[Result "1/2-1/2"]
[LiveChessVersion "1.4.8"]
[BlackElo "2564"]
[WhiteElo "2495"]

1. Nf3 {[%clk 1:30:43]} d5 {[%clk 1:30:27]} 2. g3 {[%clk 1:30:45]} g6
{[%clk 1:30:26]} 3. Bg2 {[%clk 1:29:09]} Bg7 {[%clk 1:30:08]} 4. d4
{[%clk 1:28:10]} Nd7 {[%clk 1:30:04]} 5. O-O {[%clk 1:27:39]} Ngf6
{[%clk 1:29:48]} 6. c4 {[%clk 1:25:23]} dxc4 {[%clk 1:29:53]} 7. Na3
{[%clk 1:20:10]} Nb6 {[%clk 1:28:53]} 8. Ne5 {[%clk 1:14:58]} Ng4
{[%clk 1:27:39]} 9. Nxg4 {[%clk 1:09:55]} Bxg4 {[%clk 1:27:37]} 10. Bxb7
{[%clk 1:10:01]} O-O {[%clk 1:27:41]} 11. Be3 {[%clk 0:54:44]} Bh3
{[%clk 1:09:59]} 12. Bg2 {[%clk 0:47:21]} Bxg2 {[%clk 1:07:12]} 13. Kxg2
{[%clk 0:47:43]} Qd5+ {[%clk 1:05:47]} 14. Kg1 {[%clk 0:48:07]} Rfd8
{[%clk 0:57:00]} 15. Qc2 {[%clk 0:44:37]} Bxd4 {[%clk 0:53:47]} 16. Rfd1
{[%clk 0:44:40]} c5 {[%clk 0:39:32]} 17. Rd2 {[%clk 0:37:47]} Rd7
{[%clk 0:29:59]} 18. Rc1 {[%clk 0:30:36]} Rad8 {[%clk 0:24:54]} 19. Bxd4
{[%clk 0:28:24]} cxd4 {[%clk 0:25:06]} 20. Nxc4 {[%clk 0:27:57]} Rc7
{[%clk 0:23:22]} 21. b3 {[%clk 0:27:52]} Nxc4 {[%clk 0:20:16]} 22. bxc4
{[%clk 0:28:12]} Qc6 {[%clk 0:19:46]} 23. e3 {[%clk 0:25:11]} e5 {[%clk 0:18:55]}
24. exd4 {[%clk 0:23:47]} exd4 {[%clk 0:18:53]} 25. Qd3 {[%clk 0:21:41]} Re7
{[%clk 0:18:01]} 26. Re2 {[%clk 0:20:21]} Rxe2 {[%clk 0:16:49]} 27. Qxe2
{[%clk 0:20:46]} d3 {[%clk 0:16:14]} 28. Qd2 {[%clk 0:19:48]} Qc5
{[%clk 0:13:51]} 29. Qc3 {[%clk 0:12:57]} Qc6 {[%clk 0:10:20]} 30. Qd2
{[%clk 0:11:58]} h5 {[%clk 0:09:52]} 31. h4 {[%clk 0:12:15]} Qc5 {[%clk 0:07:18]}
32. Qc3 {[%clk 0:12:12]} Qc6 {[%clk 0:06:35]} 33. Qd2 {[%clk 0:12:23]} Qe4
{[%clk 0:05:48]} 34. c5 {[%clk 0:11:20]} Qe2 {[%clk 0:05:33]} 35. Rd1
{[%clk 0:11:20]} Qf3 {[%clk 0:04:41]} 36. Re1 {[%clk 0:11:14]} Qd5
{[%clk 0:04:33]} 37. Re3 {[%clk 0:06:53]} Qc4 {[%clk 0:04:12]} 38. Kg2
{[%clk 0:06:54]} Qd5+ {[%clk 0:04:09]} 39. Kg1 {[%clk 0:07:07]} Qc4
{[%clk 0:04:21]} 40. Kg2 {[%clk 0:36:56]} Kg7 {[%clk 0:32:59]} 41. f3
{[%clk 0:32:40]} a5 {[%clk 0:23:42]} 42. c6 {[%clk 0:32:03]} a4 {[%clk 0:22:27]}
43. c7 {[%clk 0:30:06]} Qxc7 {[%clk 0:22:51]} 1/2-1/2

[Event "World Chess Olympiad 2018"]
[Site "Batumi"]
[Date "2018.09.27"]
[Round "4"]
[Board "1"]
[WhiteFideId "3507416"]
[White "Bacallao Alonso Yusnel"]
[BlackFideId "13900048"]
[Black "Bologan Victor"]
[Result "1/2-1/2"]
[LiveChessVersion "1.4.8"]
[BlackElo "2580"]
[WhiteElo "2588"]

1. d4 {[%clk 1:30:57]} Nf6 {[%clk 1:30:42]} 2. Nf3 {[%clk 1:31:22]} b6
{[%clk 1:30:09]} 3. c4 {[%clk 1:31:27]} e6 {[%clk 1:30:30]} 4. a3
{[%clk 1:31:51]} Ba6 {[%clk 1:30:15]} 5. e3 {[%clk 1:32:13]} Be7 {[%clk 1:27:39]}
6. d5 {[%clk 1:31:37]} exd5 {[%clk 1:26:29]} 7. cxd5 {[%clk 1:32:02]} Bxf1
{[%clk 1:26:54]} 8. Kxf1 {[%clk 1:32:29]} O-O {[%clk 1:27:18]} 9. Nc3
{[%clk 1:32:54]} Re8 {[%clk 1:26:08]} 10. e4 {[%clk 1:28:11]} Bd6
{[%clk 1:25:49]} 11. Bg5 {[%clk 1:15:28]} h6 {[%clk 1:25:17]} 12. Bh4
{[%clk 1:13:00]} Be7 {[%clk 1:18:19]} 13. e5 {[%clk 1:09:05]} Nh7
{[%clk 1:15:27]} 14. Bxe7 {[%clk 1:05:09]} Rxe7 {[%clk 1:15:40]} 15. d6
{[%clk 0:59:43]} cxd6 {[%clk 1:15:15]} 16. exd6 {[%clk 0:59:57]} Re6
{[%clk 1:12:40]} 17. Nb5 {[%clk 1:00:05]} Na6 {[%clk 1:12:56]} 18. h4
{[%clk 0:56:28]} Qc8 {[%clk 1:01:24]} 19. Rc1 {[%clk 0:49:04]} Qb7
{[%clk 1:01:34]} 20. Nfd4 {[%clk 0:46:22]} Rg6 {[%clk 0:51:23]} 21. Qf3
{[%clk 0:39:36]} Qxf3 {[%clk 0:51:25]} 22. Nxf3 {[%clk 0:39:44]} Nc5
{[%clk 0:50:23]} 23. Ne5 {[%clk 0:35:47]} Rf6 {[%clk 0:50:14]} 24. Rh3
{[%clk 0:32:04]} Ne4 {[%clk 0:42:37]} 25. Re3 {[%clk 0:18:41]} Nxd6
{[%clk 0:41:43]} 26. Nc7 {[%clk 0:16:21]} Rc8 {[%clk 0:32:11]} 27. Nxd7
{[%clk 0:15:48]} Rf4 {[%clk 0:32:07]} 28. Rc6 {[%clk 0:12:16]} Rc4
{[%clk 0:08:18]} 29. Rxd6 {[%clk 0:09:44]} R4xc7 {[%clk 0:08:43]} 30. g3
{[%clk 0:09:48]} f6 {[%clk 0:08:16]} 31. b4 {[%clk 0:08:28]} Kf7 {[%clk 0:07:57]}
32. b5 {[%clk 0:08:41]} h5 {[%clk 0:07:35]} 33. a4 {[%clk 0:08:39]} Rc4
{[%clk 0:05:02]} 34. a5 {[%clk 0:05:50]} bxa5 {[%clk 0:05:16]} 35. b6
{[%clk 0:05:59]} axb6 {[%clk 0:05:25]} 36. Nxb6 {[%clk 0:06:21]} Rc1+
{[%clk 0:05:46]} 37. Kg2 {[%clk 0:06:48]} R8c7 {[%clk 0:05:55]} 38. Nd5
{[%clk 0:03:27]} Ra7 {[%clk 0:04:33]} 39. Nf4 {[%clk 0:03:34]} Nf8
{[%clk 0:02:48]} 40. Ra3 {[%clk 0:33:21]} Rc5 {[%clk 0:33:04]} 41. Rad3
{[%clk 0:26:39]} a4 {[%clk 0:30:56]} 42. Ra3 {[%clk 0:26:43]} Rc4
{[%clk 0:30:52]} 43. Rd5 {[%clk 0:24:51]} g6 {[%clk 0:29:46]} 44. Nd3
{[%clk 0:24:09]} Ne6 {[%clk 0:27:44]} 45. Rb5 {[%clk 0:23:03]} Nd4
{[%clk 0:18:29]} 46. Rc5 {[%clk 0:21:38]} Rc2 {[%clk 0:18:51]} 47. Rd5
{[%clk 0:19:20]} Nb3 {[%clk 0:12:48]} 48. Nb4 {[%clk 0:12:27]} Rd2
{[%clk 0:07:30]} 49. Rb5 {[%clk 0:10:47]} Nd4 {[%clk 0:07:30]} 50. Rb6
{[%clk 0:11:08]} Rb2 {[%clk 0:05:54]} 51. Ra6 {[%clk 0:10:13]} Rxa6
{[%clk 0:03:39]} 52. Nxa6 {[%clk 0:10:37]} Nc2 {[%clk 0:03:20]} 53. Rxa4
{[%clk 0:10:55]} Ne1+ {[%clk 0:02:53]} 54. Kf1 {[%clk 0:08:11]} Nd3
{[%clk 0:03:09]} 55. f4 {[%clk 0:08:08]} Ke6 {[%clk 0:02:27]} 56. Ra3
{[%clk 0:06:41]} Nf2 {[%clk 0:02:36]} 57. Ra5 {[%clk 0:06:07]} f5
{[%clk 0:01:36]} 58. Re5+ {[%clk 0:04:43]} Kd6 {[%clk 0:01:25]} 59. Re2
{[%clk 0:05:11]} Rxe2 {[%clk 0:01:37]} 60. Kxe2 {[%clk 0:05:37]} Ne4
{[%clk 0:01:55]} 61. Kf3 {[%clk 0:05:57]} Nd2+ {[%clk 0:01:37]} 62. Ke2
{[%clk 0:06:08]} Ne4 {[%clk 0:02:00]} 1/2-1/2

[Event "World Chess Olympiad 2018"]
[Site "Batumi"]
[Date "2018.09.27"]
[Round "4"]
[Board "2"]
[WhiteFideId "13900200"]
[White "Iordachescu Viorel"]
[BlackFideId "3503321"]
[Black "Gonzalez Vidal Yuri"]
[Result "1-0"]
[LiveChessVersion "1.4.8"]
[BlackElo "2566"]
[WhiteElo "2591"]

1. Nf3 {[%clk 1:30:08]} d5 {[%clk 1:30:42]} 2. g3 {[%clk 1:30:15]} Nf6
{[%clk 1:30:51]} 3. Bg2 {[%clk 1:30:28]} e6 {[%clk 1:30:43]} 4. O-O
{[%clk 1:29:55]} Be7 {[%clk 1:30:34]} 5. c4 {[%clk 1:28:29]} dxc4
{[%clk 1:25:04]} 6. Na3 {[%clk 1:27:09]} c5 {[%clk 1:24:43]} 7. Ne5
{[%clk 1:20:53]} O-O {[%clk 1:21:25]} 8. Naxc4 {[%clk 1:18:20]} Qc7
{[%clk 1:19:46]} 9. b3 {[%clk 1:16:21]} Rd8 {[%clk 1:01:18]} 10. Bb2
{[%clk 1:14:25]} Bd7 {[%clk 1:01:18]} 11. Nxd7 {[%clk 1:12:56]} Nbxd7
{[%clk 0:56:42]} 12. Rc1 {[%clk 0:57:25]} Rac8 {[%clk 0:56:37]} 13. d3
{[%clk 0:51:51]} b5 {[%clk 0:39:30]} 14. Nd2 {[%clk 0:51:57]} Qb8
{[%clk 0:38:41]} 15. Rc2 {[%clk 0:50:33]} Nd5 {[%clk 0:36:29]} 16. Ne4
{[%clk 0:42:47]} Nb4 {[%clk 0:33:56]} 17. Rd2 {[%clk 0:43:00]} f5
{[%clk 0:31:54]} 18. Nc3 {[%clk 0:42:45]} Bg5 {[%clk 0:29:08]} 19. e3
{[%clk 0:38:24]} Ne5 {[%clk 0:25:23]} 20. f4 {[%clk 0:37:27]} Bh6
{[%clk 0:10:50]} 21. d4 {[%clk 0:24:04]} cxd4 {[%clk 0:10:16]} 22. exd4
{[%clk 0:24:16]} Qb6 {[%clk 0:08:17]} 23. Kh1 {[%clk 0:23:16]} Ng4
{[%clk 0:08:09]} 24. Qe2 {[%clk 0:20:22]} Nd5 {[%clk 0:03:44]} 25. Nd1
{[%clk 0:16:01]} g6 {[%clk 0:03:07]} 26. Re1 {[%clk 0:15:53]} Rc6
{[%clk 0:02:39]} 27. Qf3 {[%clk 0:14:23]} Ngf6 {[%clk 0:02:32]} 28. Nf2
{[%clk 0:14:04]} Rcd6 {[%clk 0:02:33]} 29. Rde2 {[%clk 0:13:41]} b4
{[%clk 0:02:39]} 30. Nd3 {[%clk 0:09:35]} Ne4 {[%clk 0:02:49]} 31. Nc5
{[%clk 0:09:28]} Nxc5 {[%clk 0:02:09]} 32. dxc5 {[%clk 0:09:51]} Qxc5
{[%clk 0:02:36]} 33. Be5 {[%clk 0:06:49]} R6d7 {[%clk 0:02:33]} 34. g4
{[%clk 0:04:43]} Nc3 {[%clk 0:02:26]} 35. Re3 {[%clk 0:02:24]} Nd1
{[%clk 0:01:45]} 36. R3e2 {[%clk 0:01:44]} Nc3 {[%clk 0:02:09]} 37. Re3
{[%clk 0:02:03]} Nd1 {[%clk 0:01:41]} 38. R3e2 {[%clk 0:02:27]} Bg7
{[%clk 0:01:22]} 39. Bxg7 {[%clk 0:02:18]} Kxg7 {[%clk 0:01:37]} 40. h3
{[%clk 0:30:37]} Rd3 {[%clk 0:31:12]} 41. Qf1 {[%clk 0:25:37]} Qd4
{[%clk 0:20:25]} 42. Qg1 {[%clk 0:18:17]} fxg4 {[%clk 0:12:04]} 43. hxg4
{[%clk 0:18:34]} Qxf4 {[%clk 0:11:57]} 44. Qc5 {[%clk 0:17:15]} Qd4
{[%clk 0:04:18]} 45. Qe7+ {[%clk 0:16:18]} Kh8 {[%clk 0:04:27]} 46. Rf1
{[%clk 0:14:41]} Qg7 {[%clk 0:04:17]} 47. Rf7 {[%clk 0:11:00]} Qh6+
{[%clk 0:04:34]} 48. Kg1 {[%clk 0:11:14]} Ne3 {[%clk 0:03:45]} 49. g5
{[%clk 0:07:57]} Rd1+ {[%clk 0:01:03]} 50. Bf1 {[%clk 0:07:28]} 1-0

[Event "World Chess Olympiad 2018"]
[Site "Batumi"]
[Date "2018.09.27"]
[Round "4"]
[Board "3"]
[WhiteFideId "3507165"]
[White "Ortiz Suarez Isan Reynaldo"]
[BlackFideId "13902393"]
[Black "Hamitevici Vladimir"]
[Result "1/2-1/2"]
[LiveChessVersion "1.4.8"]
[BlackElo "2505"]
[WhiteElo "2527"]

1. e4 {[%clk 1:30:57]} c5 {[%clk 1:30:24]} 2. Nf3 {[%clk 1:31:18]} d6
{[%clk 1:30:41]} 3. d4 {[%clk 1:31:37]} cxd4 {[%clk 1:31:05]} 4. Nxd4
{[%clk 1:32:01]} Nf6 {[%clk 1:31:28]} 5. Nc3 {[%clk 1:32:27]} a6 {[%clk 1:31:52]}
6. Bg5 {[%clk 1:30:52]} Nbd7 {[%clk 1:31:36]} 7. Bc4 {[%clk 1:31:03]} Qb6
{[%clk 1:30:19]} 8. Bb3 {[%clk 1:31:22]} e6 {[%clk 1:29:55]} 9. Qd2
{[%clk 1:31:46]} Be7 {[%clk 1:28:37]} 10. O-O-O {[%clk 1:32:07]} Nc5
{[%clk 1:28:22]} 11. Rhe1 {[%clk 1:31:21]} Qc7 {[%clk 1:24:46]} 12. f4
{[%clk 1:31:11]} h6 {[%clk 1:23:57]} 13. Bxf6 {[%clk 1:26:24]} Bxf6
{[%clk 1:24:20]} 14. Kb1 {[%clk 1:26:50]} Bd7 {[%clk 1:19:01]} 15. g4
{[%clk 1:16:50]} O-O-O {[%clk 1:08:27]} 16. Nf5 {[%clk 0:54:35]} exf5
{[%clk 0:50:57]} 17. Nd5 {[%clk 0:55:01]} Qc6 {[%clk 0:51:20]} 18. g5
{[%clk 0:55:23]} hxg5 {[%clk 0:51:36]} 19. fxg5 {[%clk 0:55:49]} Kb8
{[%clk 0:43:04]} 20. gxf6 {[%clk 0:55:38]} gxf6 {[%clk 0:43:21]} 21. exf5
{[%clk 0:53:47]} Nxb3 {[%clk 0:42:47]} 22. axb3 {[%clk 0:52:53]} Bxf5
{[%clk 0:41:55]} 23. Ne7 {[%clk 0:49:00]} Qd7 {[%clk 0:39:48]} 24. Nxf5
{[%clk 0:48:57]} Qxf5 {[%clk 0:40:15]} 25. Re2 {[%clk 0:48:06]} Rh3
{[%clk 0:26:10]} 26. Rf2 {[%clk 0:45:39]} Rf3 {[%clk 0:24:58]} 27. Rdf1
{[%clk 0:42:43]} Rxf2 {[%clk 0:25:17]} 28. Rxf2 {[%clk 0:43:11]} Qe5
{[%clk 0:25:12]} 29. Re2 {[%clk 0:43:17]} Qf5 {[%clk 0:25:13]} 30. Re7
{[%clk 0:40:50]} Ka8 {[%clk 0:14:28]} 31. h4 {[%clk 0:31:44]} Rc8
{[%clk 0:08:57]} 32. Qd1 {[%clk 0:20:59]} Rg8 {[%clk 0:03:28]} 33. Qxd6
{[%clk 0:08:07]} Rg1+ {[%clk 0:02:46]} 34. Ka2 {[%clk 0:08:33]} Qa5+
{[%clk 0:03:11]} 35. Qa3 {[%clk 0:08:55]} Qxa3+ {[%clk 0:03:34]} 36. Kxa3
{[%clk 0:09:05]} Rg4 {[%clk 0:03:45]} 37. Rxf7 {[%clk 0:07:47]} Rxh4
{[%clk 0:04:09]} 38. Rxf6 {[%clk 0:08:10]} Kb8 {[%clk 0:03:32]} 39. b4
{[%clk 0:06:59]} Rh3+ {[%clk 0:03:28]} 40. Ka4 {[%clk 0:34:58]} Rh2
{[%clk 0:33:32]} 41. Kb3 {[%clk 0:35:09]} Kc7 {[%clk 0:33:45]} 42. c4
{[%clk 0:34:47]} Rg2 {[%clk 0:31:20]} 43. Rf7+ {[%clk 0:34:27]} Kc6
{[%clk 0:31:31]} 44. Rf5 {[%clk 0:33:27]} Rh2 {[%clk 0:31:24]} 45. b5+
{[%clk 0:33:33]} axb5 {[%clk 0:31:44]} 46. Rxb5 {[%clk 0:33:58]} Rg2
{[%clk 0:28:59]} 47. Rh5 {[%clk 0:34:07]} Rf2 {[%clk 0:28:35]} 48. Kc3
{[%clk 0:33:44]} Rf3+ {[%clk 0:27:58]} 49. Kb4 {[%clk 0:34:07]} b6
{[%clk 0:26:19]} 50. Rh7 {[%clk 0:33:54]} Rg3 {[%clk 0:25:47]} 51. b3
{[%clk 0:34:00]} Rf3 {[%clk 0:25:49]} 52. Ka4 {[%clk 0:34:23]} Rf4
{[%clk 0:24:14]} 53. b4 {[%clk 0:31:32]} Rxc4 {[%clk 0:24:23]} 54. Rh6+
{[%clk 0:31:58]} Kb7 {[%clk 0:24:07]} 55. Kb5 {[%clk 0:32:21]} Rc8
{[%clk 0:24:12]} 56. Rxb6+ {[%clk 0:32:20]} Ka8 {[%clk 0:24:25]} 57. Rh6
{[%clk 0:30:50]} Rg8 {[%clk 0:24:43]} 58. Ka6 {[%clk 0:31:04]} Kb8
{[%clk 0:25:06]} 59. b5 {[%clk 0:31:27]} Ka8 {[%clk 0:25:28]} 60. Rh7
{[%clk 0:31:18]} Kb8 {[%clk 0:25:50]} 61. b6 {[%clk 0:29:08]} Ka8
{[%clk 0:24:06]} 62. Rh6 {[%clk 0:29:30]} Kb8 {[%clk 0:24:29]} 63. b7
{[%clk 0:29:17]} Rf8 {[%clk 0:24:52]} 64. Kb6 {[%clk 0:29:35]} Rf6+
{[%clk 0:25:16]} 1/2-1/2

[Event "World Chess Olympiad 2018"]
[Site "Batumi"]
[Date "2018.09.27"]
[Round "4"]
[Board "4"]
[WhiteFideId "13900463"]
[White "Svetushkin Dmitry"]
[BlackFideId "3509362"]
[Black "Quesada Perez Yasser"]
[Result "1/2-1/2"]
[LiveChessVersion "1.4.8"]
[BlackElo "2523"]
[WhiteElo "2580"]

1. e4 {[%clk 1:30:52]} e5 {[%clk 1:30:54]} 2. Nf3 {[%clk 1:31:06]} Nc6
{[%clk 1:31:19]} 3. Bb5 {[%clk 1:30:54]} Nf6 {[%clk 1:31:41]} 4. d3
{[%clk 1:31:09]} d6 {[%clk 1:31:53]} 5. O-O {[%clk 1:31:30]} Be7 {[%clk 1:32:19]}
6. Re1 {[%clk 1:31:36]} O-O {[%clk 1:32:35]} 7. c3 {[%clk 1:31:52]} a6
{[%clk 1:32:41]} 8. Bxc6 {[%clk 1:30:20]} bxc6 {[%clk 1:33:04]} 9. Nbd2
{[%clk 1:30:47]} c5 {[%clk 1:27:07]} 10. Nf1 {[%clk 1:30:05]} h6 {[%clk 1:21:59]}
11. Ng3 {[%clk 1:30:16]} Nh7 {[%clk 1:21:47]} 12. d4 {[%clk 1:29:16]} cxd4
{[%clk 1:19:47]} 13. cxd4 {[%clk 1:29:38]} exd4 {[%clk 1:13:23]} 14. Nxd4
{[%clk 1:25:49]} Bf6 {[%clk 1:13:31]} 15. Bf4 {[%clk 1:25:02]} Ng5
{[%clk 1:04:41]} 16. Rc1 {[%clk 1:22:10]} Bxd4 {[%clk 1:00:03]} 17. Qxd4
{[%clk 1:21:31]} Ne6 {[%clk 1:00:28]} 18. Qd2 {[%clk 1:21:32]} Nxf4
{[%clk 1:00:37]} 19. Qxf4 {[%clk 1:21:54]} Be6 {[%clk 1:01:02]} 20. h4
{[%clk 1:15:15]} Rb8 {[%clk 0:47:13]} 21. b3 {[%clk 1:12:38]} Rb4
{[%clk 0:45:00]} 22. Rc6 {[%clk 1:09:38]} a5 {[%clk 0:43:48]} 23. Rec1
{[%clk 1:03:04]} d5 {[%clk 0:37:52]} 24. Rd1 {[%clk 0:55:09]} a4 {[%clk 0:33:27]}
25. Rxc7 {[%clk 0:49:23]} axb3 {[%clk 0:32:45]} 26. axb3 {[%clk 0:48:13]} d4
{[%clk 0:31:09]} 27. Nf5 {[%clk 0:34:42]} Bxf5 {[%clk 0:20:08]} 28. exf5
{[%clk 0:33:52]} Qf6 {[%clk 0:20:27]} 29. Rd7 {[%clk 0:29:26]} Rd8
{[%clk 0:18:13]} 30. Rxd8+ {[%clk 0:29:23]} Qxd8 {[%clk 0:18:40]} 31. Rd3
{[%clk 0:29:05]} Qb6 {[%clk 0:17:45]} 32. Qf3 {[%clk 0:27:29]} Qf6
{[%clk 0:14:44]} 33. Qa8+ {[%clk 0:22:59]} Kh7 {[%clk 0:15:07]} 34. Qd5
{[%clk 0:20:27]} Rb8 {[%clk 0:13:25]} 35. g3 {[%clk 0:18:30]} Rd8
{[%clk 0:13:45]} 36. Qe4 {[%clk 0:18:50]} Kg8 {[%clk 0:13:46]} 37. Kg2
{[%clk 0:17:49]} Qb6 {[%clk 0:12:14]} 38. g4 {[%clk 0:17:05]} Qf6
{[%clk 0:08:23]} 39. Kg3 {[%clk 0:14:46]} Qd6+ {[%clk 0:07:58]} 40. Qf4
{[%clk 0:44:06]} Qc6 {[%clk 0:35:57]} 41. g5 {[%clk 0:34:33]} hxg5
{[%clk 0:34:26]} 42. hxg5 {[%clk 0:33:43]} Qh1 {[%clk 0:30:02]} 43. Kg4
{[%clk 0:31:00]} Qg2+ {[%clk 0:29:16]} 44. Rg3 {[%clk 0:31:05]} Qd5
{[%clk 0:29:37]} 45. Qf3 {[%clk 0:30:11]} d3 {[%clk 0:24:30]} 46. Qxd5
{[%clk 0:28:20]} Rxd5 {[%clk 0:24:55]} 47. Rg1 {[%clk 0:28:48]} d2
{[%clk 0:14:40]} 48. Rd1 {[%clk 0:29:02]} Kf8 {[%clk 0:13:07]} 49. Kf4
{[%clk 0:29:07]} g6 {[%clk 0:13:06]} 50. f6 {[%clk 0:22:58]} Ke8 {[%clk 0:13:27]}
51. b4 {[%clk 0:19:57]} Kd7 {[%clk 0:12:43]} 52. Ke4 {[%clk 0:17:56]} Rxg5
{[%clk 0:11:13]} 53. Rxd2+ {[%clk 0:18:03]} Ke6 {[%clk 0:08:56]} 54. Rb2
{[%clk 0:16:12]} Rb5 {[%clk 0:09:21]} 55. Kd4 {[%clk 0:16:37]} Kd7
{[%clk 0:07:54]} 56. Re2 {[%clk 0:11:14]} Rxb4+ {[%clk 0:07:55]} 57. Kc5
{[%clk 0:11:41]} Rf4 {[%clk 0:08:11]} 58. Re7+ {[%clk 0:12:08]} Kd8
{[%clk 0:08:36]} 59. Rxf7 {[%clk 0:12:27]} Rxf2 {[%clk 0:08:36]} 1/2-1/2

[Event "World Chess Olympiad 2018"]
[Site "Batumi"]
[Date "2018.09.27"]
[Round "4"]
[Board "1"]
[WhiteFideId "13601520"]
[White "Jobava Baadur"]
[BlackFideId "12800112"]
[Black "Sulskis Sarunas"]
[Result "0-1"]
[LiveChessVersion "1.4.8"]
[BlackElo "2525"]
[WhiteElo "2634"]

1. b3 {[%clk 1:30:45]} a5 {[%clk 1:30:42]} 2. a4 {[%clk 1:30:48]} e5
{[%clk 1:29:28]} 3. Bb2 {[%clk 1:30:16]} d6 {[%clk 1:28:49]} 4. e3
{[%clk 1:30:39]} g6 {[%clk 1:28:59]} 5. d4 {[%clk 1:30:42]} Bg7 {[%clk 1:28:16]}
6. dxe5 {[%clk 1:28:32]} Nd7 {[%clk 1:25:24]} 7. Nc3 {[%clk 1:27:29]} Nxe5
{[%clk 1:23:15]} 8. Qd2 {[%clk 1:27:24]} Nf6 {[%clk 1:21:44]} 9. O-O-O
{[%clk 1:27:41]} O-O {[%clk 1:21:31]} 10. h3 {[%clk 1:27:19]} Ned7
{[%clk 1:12:58]} 11. g4 {[%clk 1:25:28]} Nc5 {[%clk 1:10:04]} 12. Bg2
{[%clk 1:25:09]} Be6 {[%clk 1:03:17]} 13. Kb1 {[%clk 1:25:14]} b5
{[%clk 0:57:30]} 14. g5 {[%clk 1:25:08]} Nfd7 {[%clk 0:50:46]} 15. Nxb5
{[%clk 1:23:21]} Bxb2 {[%clk 0:49:35]} 16. Kxb2 {[%clk 1:23:47]} Rb8
{[%clk 0:47:38]} 17. Ne2 {[%clk 1:17:29]} Qxg5 {[%clk 0:43:50]} 18. Nf4
{[%clk 1:14:15]} Nb6 {[%clk 0:38:06]} 19. Qd4 {[%clk 0:56:09]} Ncxa4+
{[%clk 0:15:45]} 20. bxa4 {[%clk 0:56:35]} Nxa4+ {[%clk 0:15:20]} 21. Qxa4
{[%clk 0:57:00]} Rxb5+ {[%clk 0:15:43]} 22. Kc1 {[%clk 0:57:01]} Rb4
{[%clk 0:13:54]} 23. Qc6 {[%clk 0:56:45]} Rxf4 {[%clk 0:12:46]} 24. exf4
{[%clk 0:56:55]} Qxf4+ {[%clk 0:13:10]} 25. Rd2 {[%clk 0:57:23]} Rb8
{[%clk 0:13:10]} 26. Qc3 {[%clk 0:57:35]} Ba2 {[%clk 0:12:01]} 27. Kd1
{[%clk 0:57:42]} Bc4 {[%clk 0:08:13]} 28. Qa1 {[%clk 0:55:52]} Qg5
{[%clk 0:08:22]} 29. f4 {[%clk 0:48:31]} Qf6 {[%clk 0:07:24]} 30. c3
{[%clk 0:47:14]} Qf5 {[%clk 0:06:33]} 31. Kc1 {[%clk 0:47:41]} Bd3
{[%clk 0:06:29]} 32. Rb2 {[%clk 0:48:08]} Qxf4+ {[%clk 0:06:03]} 33. Kd1
{[%clk 0:48:18]} Bb5 {[%clk 0:03:41]} 34. Rd2 {[%clk 0:48:08]} Qf5
{[%clk 0:02:51]} 35. Re1 {[%clk 0:46:37]} Bd3 {[%clk 0:01:08]} 36. Rb2
{[%clk 0:47:01]} Bb5 {[%clk 0:01:00]} 37. Be4 {[%clk 0:40:38]} Qxh3
{[%clk 0:01:06]} 38. Qxa5 {[%clk 0:34:29]} Qg4+ {[%clk 0:01:02]} 39. Kc2
{[%clk 0:34:16]} Qg5 {[%clk 0:00:39]} 40. Ra2 {[%clk 1:00:57]} d5
{[%clk 0:30:31]} 41. Qxc7 {[%clk 1:00:36]} Re8 {[%clk 0:27:04]} 42. Ra7
{[%clk 0:50:35]} Qf6 {[%clk 0:25:22]} 43. Qc5 {[%clk 0:50:51]} Bc4
{[%clk 0:20:47]} 44. Rc7 {[%clk 0:15:26]} Qh4 {[%clk 0:15:35]} 45. Bxd5
{[%clk 0:02:11]} Qh2+ {[%clk 0:15:17]} 46. Kd1 0-1

[Event "World Chess Olympiad 2018"]
[Site "Batumi"]
[Date "2018.09.27"]
[Round "4"]
[Board "2"]
[WhiteFideId "12803731"]
[White "Laurusas Tomas"]
[BlackFideId "13600966"]
[Black "Mchedlishvili Mikheil"]
[Result "1/2-1/2"]
[LiveChessVersion "1.4.8"]
[BlackElo "2607"]
[WhiteElo "2484"]

1. d4 {[%clk 1:30:57]} Nf6 {[%clk 1:30:47]} 2. c4 {[%clk 1:31:22]} g6
{[%clk 1:30:38]} 3. Nf3 {[%clk 1:31:47]} Bg7 {[%clk 1:30:43]} 4. g3
{[%clk 1:32:11]} c5 {[%clk 1:28:59]} 5. Bg2 {[%clk 1:31:01]} O-O {[%clk 1:27:53]}
6. O-O {[%clk 1:28:29]} cxd4 {[%clk 1:26:02]} 7. Nxd4 {[%clk 1:28:53]} d5
{[%clk 1:24:29]} 8. cxd5 {[%clk 1:17:55]} Nxd5 {[%clk 1:24:14]} 9. Nc3
{[%clk 1:16:45]} Nxc3 {[%clk 1:22:31]} 10. bxc3 {[%clk 1:17:09]} Nc6
{[%clk 1:21:17]} 11. Nxc6 {[%clk 1:03:12]} bxc6 {[%clk 1:21:34]} 12. Be3
{[%clk 1:00:14]} Bg4 {[%clk 1:06:56]} 13. Bxc6 {[%clk 0:58:17]} Rc8
{[%clk 1:03:52]} 14. Bf3 {[%clk 0:58:15]} Bxf3 {[%clk 1:00:07]} 15. exf3
{[%clk 0:58:28]} Qa5 {[%clk 0:55:13]} 16. Rb1 {[%clk 0:48:24]} Qxa2
{[%clk 0:49:26]} 17. Ra1 {[%clk 0:48:39]} Qe6 {[%clk 0:47:14]} 18. Rxa7
{[%clk 0:48:47]} Bxc3 {[%clk 0:46:48]} 19. Qd7 {[%clk 0:49:04]} Qxd7
{[%clk 0:46:57]} 20. Rxd7 {[%clk 0:49:27]} Bf6 {[%clk 0:46:49]} 21. Bh6
{[%clk 0:49:00]} Rfd8 {[%clk 0:47:03]} 22. Rfd1 {[%clk 0:49:08]} Rxd7
{[%clk 0:47:22]} 23. Rxd7 {[%clk 0:49:30]} e6 {[%clk 0:47:36]} 24. h4
{[%clk 0:49:43]} Rd8 {[%clk 0:47:18]} 25. Rb7 {[%clk 0:49:58]} Bg7
{[%clk 0:47:28]} 26. Bxg7 {[%clk 0:50:19]} Kxg7 {[%clk 0:47:52]} 27. Kg2
{[%clk 0:50:43]} h5 {[%clk 0:48:10]} 28. Ra7 {[%clk 0:51:04]} Rd5
{[%clk 0:48:28]} 29. Rb7 {[%clk 0:51:28]} Rd8 {[%clk 0:48:46]} 30. Ra7
{[%clk 0:51:52]} Rd5 {[%clk 0:49:10]} 31. Rb7 {[%clk 0:52:18]} Rd8
{[%clk 0:49:35]} 1/2-1/2